000 00388cam a2200133ua 4500
003 OSt
008 220412b ||||| |||| 00| 0 eng d
041 _aeng
082 _a630.72
_bICA/CA
245 _aCadre strength of ICAR institutes for agricultural reserch scientists /
260 _aNew Delhi :
_bIndian Council for Agricultural Research ,
_c1997.
300 _a189 ; .
942 _cBK
999 _c12062
_d12062